| 000 | 00402cam a2200169ua 4500 | ||
|---|---|---|---|
| 020 | _c8.50 | ||
| 041 |
_amal _h |
||
| 082 |
_a928 _bGEO/JE |
||
| 100 | _aGeorge, K M . | ||
| 245 |
_aJeevacharitra sahityam / _cK M George. _hTextual Documents |
||
| 260 |
_aKottayam : _bNational Book Stall , _c1964. |
||
| 300 | _a364 ; . | ||
| 365 | _a8.50 | ||
| 504 | _a | ||
| 942 | _cBK | ||
| 999 |
_c5985 _d5985 |
||